[Event "ISR-chT"]
[Site "Israel"]
[Date "2025.01.18"]
[Round "4.6"]
[White "Zhimalov, Adam"]
[Black "Tarnopolsky, Anatoly"]
[Result "1/2-1/2"]
[WhiteElo "2116"]
[BlackElo "2298"]
[PlyCount "104"]
[EventDate "2025.01.08"]
[EventType "team-tourn"]
[EventRounds "11"]
[EventCountry "ISR"]
[SourceTitle "CB08_2025"]
[SourceDate "2025.02.19"]
[SourceVersion "1"]
[SourceVersionDate "2025.02.19"]
[SourceQuality "1"]
[WhiteTeam "Kfar Saba II"]
[BlackTeam "Petach Tikva"]
[WhiteTeamCountry "ISR"]
[BlackTeamCountry "ISR"]

1. Nf3 Nf6 2. g3 d5 3. Bg2 e6 4. 0-0 Be7 5. d3 0-0 6. a4 a5 7. Bf4 Nc6 8. Nc3 Bd6 9. Bxd6 cxd6 10. e4 d4 11. Nb5 e5 12. Nd2 Bg4 13. f3 Be6 14. f4 Na7 15. Na3 Ng4 16. Ndc4 Bxc4 17. Qxg4 Ba6 18. Qh5 Nc6 19. Rf2 Qe8 20. Bh3 Nb4 21. b3 b6 22. Raf1 f6 23. Qd1 Ra7 24. Bf5 Qe7 25. Qg4 Raa8 26. Be6+ Kh8 27. f5 d5 28. exd5 Bb7 29. Nc4 Qc5 30. d6 Nd5 31. h4 Ne3 32. Nxe3 dxe3 33. Re2 Qxd6 34. Rxe3 Qc5 35. Qe2 Rad8 36. Kh2 Rd4 37. Bc4 Rfd8 38. c3 R4d6 39. Kh3 Qc6 40. Re1 Qc8 41. g4 h6 42. Rf1 Bd5 43. Bxd5 Rxd5 44. g5 fxg5 45. hxg5 Qxc3 46. Rff3 hxg5 47. f6 g4+ 48. Kxg4 Rd4+ 49. Re4 gxf6 50. Qh2+ Kg7 51. Rxf6 Rxe4+ 52. dxe4 Kxf6 1/2-1/2

[Event "ISR-chT"]
[Site "Israel"]
[Date "2025.01.08"]
[Round "1.6"]
[White "Mindlin, Alon"]
[Black "Zhimalov, Adam"]
[Result "1-0"]
[WhiteElo "2444"]
[BlackElo "2116"]
[PlyCount "69"]
[EventDate "2025.01.08"]
[EventType "team-tourn"]
[EventRounds "11"]
[EventCountry "ISR"]
[SourceTitle "CB08_2025"]
[SourceDate "2025.02.19"]
[SourceVersion "1"]
[SourceVersionDate "2025.02.19"]
[SourceQuality "1"]
[WhiteTeam "Kfar Saba"]
[BlackTeam "Kfar Saba II"]
[WhiteTeamCountry "ISR"]
[BlackTeamCountry "ISR"]

1. d4 Nf6 2. c4 e6 3. Nc3 Bb4 4. e3 b6 5. Bd3 Bb7 6. Nf3 c5 7. Bd2 cxd4 8. exd4 0-0 9. 0-0 d5 10. cxd5 Bxc3 11. bxc3 Qxd5 12. c4 Qd6 13. Bc3 Nbd7 14. Qe2 Rfd8 15. a4 Qf4 16. Qe3 Qxe3 17. fxe3 Nc5 18. Be2 Nce4 19. Bb4 Rac8 20. Ne5 Nd6 21. Bxd6 Rxd6 22. a5 Rf8 23. axb6 Rxb6 24. Rxa7 Rb3 25. Bd3 Be4 26. Bxe4 Nxe4 27. Raxf7 Rxf7 28. Rxf7 Rxe3 29. h4 h5 30. Re7 Nd6 31. c5 Nf5 32. Re8+ Kh7 33. Nf3 Rd3 34. Ng5+ Kh6 35. Nf7+ 1-0

[Event "Netanya op"]
[Site "Netanya"]
[Date "2019.06.25"]
[Round "3"]
[White "Veinberg, Nimrod"]
[Black "Zhimalov, Adam"]
[Result "1-0"]
[WhiteElo "2401"]
[BlackElo "2044"]
[PlyCount "97"]
[EventDate "2019.06.23"]
[EventType "swiss"]
[EventRounds "9"]
[EventCountry "ISR"]
[SourceTitle "CBM 191 Extra"]
[Source "ChessBase"]
[SourceDate "2019.09.30"]
[SourceVersion "1"]
[SourceVersionDate "2019.09.30"]
[SourceQuality "1"]

1. d4 Nf6 2. Nf3 e6 3. Bf4 c5 4. e3 b6 5. Bd3 Bb7 6. Nbd2 Be7 7. h3 d6 8. dxc5 bxc5 9. e4 e5 10. Bh2 0-0 11. 0-0 Qc7 12. Qe2 Re8 13. Rfe1 Nbd7 14. Rad1 Nb6 15. Bb5 Rec8 16. Nc4 Nxc4 17. Qxc4 Bf8 18. Nd2 Bc6 19. Bxc6 Qxc6 20. b3 a5 21. a4 Nd7 22. Qd3 Nb6 23. c4 Nd7 24. Nb1 Rab8 25. Na3 Re8 26. Nb5 Re6 27. Re3 Rg6 28. g4 h5 29. f3 hxg4 30. hxg4 Be7 31. Qe2 Nf8 32. Qe1 Qb6 33. Red3 Rd8 34. Qd2 Bg5 35. Qc3 Be7 36. Qd2 Bg5 37. Qe1 Be7 38. Nc3 Qa7 39. Bxe5 dxe5 40. Rxd8 Bxd8 41. Rxd8 Qe7 42. Qd2 Kh7 43. Rb8 Ne6 44. Nd5 Qa7 45. Qh2+ Rh6 46. Qxe5 Nd4 47. Kg2 Qd7 48. Qe7 Qc6 49. Rb6 1-0